• 首页
  • 本馆介绍
  • 公告通知
  • 最新文献
  • 馆藏检索
  • 电子资源
  • 读者导购
  • 参考咨询
  • 我的图书馆
  • 登录
  • 详细信息显示
  • 放入我的书架
  • 预约/预借图书
  • 作者相关作品
  • 分类相关作品
  • 丛书相关作品
  • 出版社相关作品

书目信息

  • 表格格式
  • 工作单格式
  • 卡片格式
题名:
中文版Word / Excel / PowerPoint从入门到精通
    
 
作者: 付琦 , 刘成林 编著
分册:  
出版信息: 北京   清华大学出版社  2014
页数: 464页
开本: 26cm
丛书名: 学电脑从入门到精通
单 册:
中图分类: TP391.12 , TP391.13
科图分类:
主题词: 汉字处理系统--Han Zi Chu Li Xi Tong , 表处理软件--Biao Chu Li Ruan Jian , 图形软件--Tu Xing Ruan Jian
电子资源:
ISBN: 978-7-302-32695-3
000 01586nam 2200337 450
001 012003492379
005 20161003184359.57
010    @a978-7-302-32695-3@b@dCNY59.80
010    @a978-7-89414-639-7@b光盘@d
100    @a20140219d2014 em y0chiy0120 ea
101 0  @achi
102    @aCN@b110000
105    @aa z 000yy
106    @ar
200 1  @a中文版Word / Excel / PowerPoint从入门到精通@AZhong Wen Ban Word / Excel / PowerPoint Cong Ru Men Dao Jing Tong@e2010版@f付琦, 刘成林编著@g
210    @a北京@c清华大学出版社@d2014
215    @a464页@c图@d26cm@e光盘1片
225 2  @a学电脑从入门到精通@AXue Dian Nao Cong Ru Men Dao Jing Tong
330    @a本书内容主要包括初识“办公三剑客”、创建并编辑Word文档、设置Word文档格式、认识Excel2010、制作Excel表格、轻松制作PowerPoint幻灯片、步入Internet世界、Word2010进阶应用、计算并管理Excel中的数据、丰富幻灯片并放映、多彩的网络生活、Word高级应用、Excel高级应用、PowerPoint高级应用、协同工作、Internet高级应用、用Word制作员工手册、用Excel制作财务报表、用PowerPoint制作公司宣布演示文稿、综合实例等。
333    @a可作为广大初、中级用户自学Office三大组件的参考用书,也可作为大中专院校相关专业及职场人员的教材。
410  0 @12001 @a学电脑从入门到精通
606 0  @a汉字处理系统@AHan Zi Chu Li Xi Tong
606 0  @a表处理软件@ABiao Chu Li Ruan Jian
606 0  @a图形软件@ATu Xing Ruan Jian
690    @aTP391.12@v5
690    @aTP391.13@v5
701  0 @a付琦@AFu Qi@4编著
701  0 @a刘成林@ALiu Cheng Lin@4编著
801  0 @aCN@b江苏新华@c20150511@g
905    @aBZT@dTP391.12@e22
906    @dCNY59.80 (含光盘@n3@r1
    
    中文版Word / Excel / PowerPoint从入门到精通:2010版/付琦, 刘成林编著.-北京:清华大学出版社,2014
    464页:图;26cm+光盘1片.-(学电脑从入门到精通)
    使用对象:可作为广大初、中级用户自学Office三大组件的参考用书,也可作为大中专院校相关专业及职场人员的教材。
    
    ISBN 978-7-302-32695-3:CNY59.80
    本书内容主要包括初识“办公三剑客”、创建并编辑Word文档、设置Word文档格式、认识Excel2010、制作Excel表格、轻松制作PowerPoint幻灯片、步入Internet世界、Word2010进阶应用、计算并管理Excel中的数据、丰富幻灯片并放映、多彩的网络生活、Word高级应用、Excel高级应用、PowerPoint高级应用、协同工作、Internet高级应用、用Word制作员工手册、用Excel制作财务报表、用PowerPoint制作公司宣布演示文稿、综合实例等。
●
相关链接 在五车中查询图书 在当当中查询图书 在豆瓣中查询图书


正题名:中文版Word / Excel / PowerPoint从入门到精通     索取号:TP391.12/22         预约/预借

序号 登录号 条形码 馆藏地/架位号 状态 备注
1 796438   2000796438   第二书库/ [索取号:TP391.12/22] 在馆    
2 796439   2000796439   第二书库/ [索取号:TP391.12/22] 在馆    
3 796440   2000796440   第二书库/ [索取号:TP391.12/22] 在馆    
山东省滨州职业学院图书馆 欢迎您!
大连网信软件有限公司© 版权所有